• 首页
  • 本馆介绍
  • 公告通知
  • 最新文献
  • 馆藏检索
  • 电子资源
  • 读者导购
  • 参考咨询
  • 我的图书馆
  • 登录
  • 详细信息显示
  • 放入我的书架
  • 预约/预借图书
  • 作者相关作品
  • 分类相关作品
  • 丛书相关作品
  • 出版社相关作品

书目信息

  • 表格格式
  • 工作单格式
  • 卡片格式
题名:
塑料实验
    
 
作者: 雷特奋 , 阿尔考特 著
分册:  
出版信息: 北京   科学技术出版社  1956.05
页数: 90页
开本: 20cm
丛书名:
单 册:
中图分类: TQ32
科图分类:
主题词: 合成树脂--化学工业 , 塑料工业
电子资源:
ISBN:
000 00605nam0 2200217 450
001 0632280156
005 20061123085948.53
010    @dCNY0.40
100    @a20061123d1956 km y0chiy0120 ea
101 0  @achi
102    @aCN@b110000
200 1  @a塑料实验@Asu liao shi yan@f(英)雷特奋,阿尔考特著@F(ying)lei te fen,a er kao te zhu
210    @a北京@c科学技术出版社@d1956.05
215    @a90页@d20cm
606 0  @a合成树脂@x化学工业
606 0  @a塑料工业
690    @aTQ32@v3
701  0 @a雷特奋@Alei te fen@4著
701  0 @a阿尔考特@Aa er kao te@4著
801  0 @aCN@bPFT@c20061123
905    @a10447@dTQ32@e9
    
    塑料实验/(英)雷特奋,阿尔考特著.-北京:科学技术出版社,1956.05
    90页;20cm
    
    
    ISBN :CNY0.40
    
●
相关链接 在E读中查询图书 在五车中查询图书 在当当中查询图书 在豆瓣中查询图书


正题名:塑料实验     索取号:TQ32/9         预约/预借

序号 登录号 条形码 馆藏地/架位号 状态 备注
1 0018016   001647383   第二样本阅览室/ [索取号:TQ32/9] 在馆    
唐山师范学院图书馆 欢迎您!
大连网信软件有限公司© 版权所有